The Bengali reaction to Christian missionary activities, 1833-1857 / (Record no. 26342)
[ view plain ]
| 000 -LEADER | |
|---|---|
| fixed length control field | 00781nam a2200229 a 4500 |
| 001 - CONTROL NUMBER | |
| control field | 26342 |
| 003 - CONTROL NUMBER IDENTIFIER | |
| rucl marc code | BD-RjUL |
| 005 - DATE AND TIME OF LATEST TRANSACTION | |
| control field | 20211209051013.0 |
| 008 - FIXED-LENGTH DATA ELEMENTS--GENERAL INFORMATION | |
| fixed length control field | 170219s1965 bg b 001 0 eng d |
| 035 ## - SYSTEM CONTROL NUMBER | |
| System control number | (BD-RjUL)26412 |
| 040 ## - CATALOGING SOURCE | |
| Original cataloging agency | DLC |
| Transcribing agency | MoU |
| Modifying agency | DLC |
| -- | BD-RjUL |
| Language of cataloging | eng |
| 041 ## - LANGUAGE CODE | |
| Language code of text/sound track or separate title | eng |
| 082 00 - DEWEY DECIMAL CLASSIFICATION NUMBER | |
| Classification number | 266.554 |
| Author mark and year | ALB 1965 |
| Edition number | 23 |
| 100 1# - MAIN ENTRY--PERSONAL NAME | |
| Personal name | Ali, Muhammad Mohar. |
| 9 (RLIN) | 80995 |
| 245 14 - TITLE STATEMENT | |
| Title | The Bengali reaction to Christian missionary activities, 1833-1857 / |
| Statement of responsibility, etc. | Muhammad Mohar Ali. |
| 260 ## - PUBLICATION, DISTRIBUTION, ETC. (IMPRINT) | |
| Place of publication, distribution, etc. | Chittagong : |
| Name of publisher, distributor, etc. | Mehrub Publications, |
| Date of publication, distribution, etc. | 1965. |
| 300 ## - PHYSICAL DESCRIPTION | |
| Pagination | xii, 243 p. ; |
| Size | 23 cm. |
| 500 ## - GENERAL NOTE | |
| General note | "Thesis approved for the degree of doctor of philosophy of the University of London, May, 1963." |
| 504 ## - BIBLIOGRAPHY, ETC. NOTE | |
| Bibliography, etc | Bibliography: p. [211]-232. |
| 650 #0 - SUBJECT ADDED ENTRY--TOPICAL TERM | |
| Topical term or geographic name as entry element | Missions |
| Geographic subdivision | India-Bengal |
| 9 (RLIN) | 80996 |
| 942 ## - ADDED ENTRY ELEMENTS (KOHA) | |
| Source of classification or shelving scheme | Dewey Decimal Classification |
| Koha item type | Books |
| Lost status | Source of classification or shelving scheme | Damaged status | Not for loan | Collection code | Permanent Location | Current Location | Shelving location | Date acquired | Source of acquisition | Cost, normal purchase price | Total Checkouts | Full call number | Date last seen | Copy number | Koha item type |
|---|---|---|---|---|---|---|---|---|---|---|---|---|---|---|---|
| Dewey Decimal Classification | Not For Loan | Non-fiction | Central Library, University of Rajshahi | Central Library, University of Rajshahi | 01/02/1966 | Govt. Australia | 16.00 | 266.554 ALB 1965 | 22/03/2014 | C-1 | Books | ||||
| Dewey Decimal Classification | Non-fiction | Central Library, University of Rajshahi | Central Library, University of Rajshahi | 01/02/1966 | M. Ali | 16.00 | 266.554 ALB 1965 | 19/02/2017 | C-2 | Books |